=LDR 00000nam 2200000 4500 =001 INLIS000000000001715 =005 20230803112339 =035 ##$$a 0010-0823000163 =007 ta =008 230803################g##########0#eng## =020 ##$$a 92-90-22-2289 =082 ##$$a 616.995 =084 ##$$a 616.995 WHO t =245 1#$$a Tuberculosis : $b Epidemiology and Control /$c WHO =250 ##$$a Pertama =260 ##$$a New Delhi, India :$b WHO,$c 2002 =300 ##$$a 248 : $b Ilus ; $c 26 cm =650 #4$$a TUBERCULOSIS =110 #$$a WHO =520 ##$$a Tuberculosis is a major challenge to public health in most parts of Asia, and is linked closely with proverty